| 000 | | | 04076nmc2a22002773x 450 |
| 001 | | | bd1142b6-933f-4e26-af91-2608a01f1dbe |
| 005 | | | 20220705160917.0 |
| 100 | ## | $a | 20220622l1923 k y0rusy50 ca |
| 101 | 0# | $a | rus |
| 102 | ## | $a | RU |
| 105 | ## | $a | e z ||||| |
| 122 | 0# | $a | d19231231 |
| 200 | 1# | $a | План Ейского порта, портовых сооружений; планы Евпаторийского порта (часть планов заверена начальником Ейского порта) |
| | $j | [1923-1927] |
| 215 | ## | $a | 9 листов |
| | $c | пл. |
| 251 | ## | $c | Дело |
| 300 | ## | $a | Листы: 1-9 - планы; 9 - на кальке |
| 300 | ## | $a | Типографский экземпляр (синька), калька |
| 330 | ## | $a | Входит в раздел описи: Документы Народного комиссариата финансов. Транспортный сектор (Департамент железнодорожных дел) Наркомата финансов |
| 461 | #0 | $1 | 00170a9e75d-b6e1-4eed-a561-fb01df49f1ed |
| | $1 | 2001 |
| | $a | Коллекция документов профессора И. Х. Озерова |
| | $1 | 251 |
| | $c | Фонд |
| | $1 | 852 |
| | $j | 1838 |
| 462 | #0 | $1 | 0010128b4bc-9fed-474c-8a7c-fdbe2c2718e2 |
| | $1 | 2001 |
| | $a | Документы советского периода. 1917-1933 гг. |
| | $v | Д. 61 |
| | $1 | 251 |
| | $c | Опись |
| | $1 | 852 |
| | $j | 2 |
| 600 | #1 | $a | Озеров |
| | $b | И. Х. |
| | $g | Иван Христофорович |
| 601 | 02 | $3 | RU\NLR\AUTH\8810027245 |
| | $a | Ейский порт |
| 601 | 02 | $3 | RU\NLR\AUTH\8810027308 |
| | $a | Евпаторийский торговый порт |
| 801 | #0 | $a | RU |
| | $b | GA_RF |
| 801 | #1 | $a | RU |
| | $b | ГлавНИВЦ |
| | $c | 20220622 |
| | $2 | rusmarc |
| 801 | #2 | $a | RU |
| | $b | ПБ им. Б.Н. Ельцина |
| | $c | 20220705 |
| | $g | RCR |
| | $2 | rusmarc |
| 852 | ## | $a | ГА РФ |
| | $j | 61 |
| 937 | ## | $d | 177095432 |
| | $h | ГАРФ |
| 035 | ## | $a | RuPRLIB51068003 |
| 856 | ## | $u | http://readingroom.main.prlib.ru/item.aspx?id_node=n177095432&mode=full |